| 000 | 00626nam a22001817a 4500 | ||
|---|---|---|---|
| 999 |
_c174959 _d174959 |
||
| 005 | 20200728152145.0 | ||
| 010 | _aENG-128295 | ||
| 020 |
_c375.00 _a9789352837311 |
||
| 035 | _aEN-111827 | ||
| 037 | _bDBAD/PUB | ||
| 082 |
_a338.5 _222 ed. |
||
| 100 | _aAhuja,HL | ||
| 245 |
_aPrinciples of Microeconomics / _cby H L Ahuja _bnew- look textbook of Microeconomics theory: |
||
| 260 |
_aNew Delhi _bS.Chand _c2019 |
||
| 270 |
_aHead Office:7361,Ram Nagar,Qutab Rord _bNew Delhi _e110055 _k23672080 _l91-11-23677446 _minfo@schandpublishing.com |
||
| 300 |
_axxii;850p. _c24cm(pbk) |
||
| 942 |
_2ddc _cEN _h338.5 _mAHU |
||